Physical chemistry / (Record no. 2462)

MARC details
000 -LEADER
fixed length control field 01368nac a22003611i 4500
003 - CONTROL NUMBER IDENTIFIER
control field EG-ScBUE
005 - DATE AND TIME OF LATEST TRANSACTION
control field 20250723093820.0
006 - FIXED-LENGTH DATA ELEMENTS--ADDITIONAL MATERIAL CHARACTERISTICS--GENERAL INFORMATION
fixed length control field m||||fq||h 00| 0
008 - FIXED-LENGTH DATA ELEMENTS--GENERAL INFORMATION
fixed length control field 090203t2006 caua f b 001 0 eng d
020 ## - INTERNATIONAL STANDARD BOOK NUMBER
International Standard Book Number 080533842X
020 ## - INTERNATIONAL STANDARD BOOK NUMBER
International Standard Book Number 9780805338423
040 ## - CATALOGING SOURCE
Original cataloging agency EG-ScBUE
Language of cataloging eng
Description conventions rda
Transcribing agency EG-ScBUE
Modifying agency EG-ScBUE
082 04 - DEWEY DECIMAL CLASSIFICATION NUMBER
Classification number 541
Item number ENG
Edition number 22
100 1# - MAIN ENTRY--PERSONAL NAME
Personal name Engel, Thomas,
Dates associated with a name 1942-
Relator term author.
245 10 - TITLE STATEMENT
Title Physical chemistry /
Statement of responsibility, etc Thomas Engel, University of Washington, Philip Reid, University of Washington.
264 #1 - PUBLICATION, DISTRIBUTION, ETC. (IMPRINT)
Place of publication, distribution, etc San Francisco :
Name of publisher, distributor, etc Pearson/Benjamin Cummings,
Date of publication, distribution, etc [2006]
264 #4 - PUBLICATION, DISTRIBUTION, ETC. (IMPRINT)
Date of publication, distribution, etc c2006
300 ## - PHYSICAL DESCRIPTION
Extent xix, 1061 pages :
Other physical details color illustrations ;
Dimensions 29 cm +
Accompanying material 1 CD
336 ## - CONTENT TYPE
Source rdacontent
Content type term text
Content type code txt
336 ## - CONTENT TYPE
Source rdacontent
Content type term sounds
Content type code snd
337 ## - MEDIA TYPE
Media type term unmediated
Source rdamedia
Media type code n
337 ## - MEDIA TYPE
Media type term audio
Source rdamedia
Media type code s
338 ## - CARRIER TYPE
Carrier type term volume
Carrier type code nc
Source rdacarrier
338 ## - CARRIER TYPE
Carrier type term computer disc
Carrier type code cd
Source rdacarrier
500 ## - GENERAL NOTE
General note Chapter 27. computational chemistry, contributed by / Warren Hehre, CEO, Wavefunction, Inc.
500 ## - GENERAL NOTE
General note Includes Appendices.<br/>
504 ## - BIBLIOGRAPHY, ETC. NOTE
Bibliography, etc Includes bibliographical references and index.
650 #7 - SUBJECT ADDED ENTRY--TOPICAL TERM
Topical term or geographic name as entry element Chemistry, Physical and theoretical
Form subdivision Textbooks.
Source of heading or term BUEsh
655 ## - INDEX TERM--GENRE/FORM
Form subdivision Reading book
700 1# - ADDED ENTRY--PERSONAL NAME
Personal name Reid, Philip
Fuller form of name (Philip J.),
Relator term author.
856 41 - ELECTRONIC LOCATION AND ACCESS
Materials specified Table of contents
Uniform Resource Identifier <a href="http://www.loc.gov/catdir/toc/ecip054/2004029329.html">http://www.loc.gov/catdir/toc/ecip054/2004029329.html</a>
942 ## - ADDED ENTRY ELEMENTS (KOHA)
Koha item type Book - Borrowing
Source of classification or shelving scheme Dewey Decimal Classification
Holdings
Withdrawn status Lost status Source of classification or shelving scheme Damaged status Not for loan Collection code Home library Current library Shelving location Date acquired Source of acquisition Cost, normal purchase price Total Checkouts Total Renewals Full call number Barcode Date last seen Date checked out Cost, replacement price Koha item type Serial Enumeration / chronology
    Dewey Decimal Classification     Alahram Central Library Central Library First floor 03/02/2009 Purchase 250.00 5 17 541 ENG 000001717 15/07/2025 06/01/2011 312.50 Book - Borrowing  
    Dewey Decimal Classification     Alahram Central Library Central Library First floor 03/02/2009 Purchase 250.00 3   541 ENG 000002049 26/11/2025 05/12/2010 312.50 NB - Book (Non borrowing)  
    Dewey Decimal Classification     Alahram Central Library Central Library First floor 03/02/2009 Purchase 250.00 2 18 541 ENG 000014546 15/07/2025 04/01/2011 312.50 Book - Borrowing 6479